Beatles Songs That Ringo Sang - Statistics

General Stats
  • This quiz has been taken 57 times
  • The average score is 8 of 11
Answer Stats
Hint Answer % Correct
1966 Yellow Submarine
92%
1969 Octopus's Garden
90%
1967 With a Little Help From My Friends
86%
1962 Boys
80%
1968 Don't Pass Me By
71%
1965 Act Naturally
69%
1968 Goodnight
69%
1963 I Wanna Be Your Man
65%
1965 What Goes On
65%
1964 Honey Don't
59%
1964 Matchbox
47%
No matching quizzes found
Score Distribution
Percent of People with Each Score
Percentile by Number Answered
Your Score History
You have not taken this quiz